000 01200naa a22003377u 4500
001 06650
003 HDC
007 cr bn ---aaaaa
008 210124s2008 flu eng
040 _aHDC
100 _aBerdanier, Carolyn D.,
_eauthor
_96199
245 0 _aFATTY ACIDS IN FOODS and their HEALTH IMPLICATIONS :
_bFatty Acids and Membrane Function /
_cby Carolyn D. Berdanier ; edited by Ching Kuang Chow
250 _aThird edition
260 _aBoca Raton :
_bCRC Press,
_c2008
300 _a20 pages
336 _atext
_2rdacontent
337 _acomputer
_2rdamedia
338 _aonline resource
_2rdacarrier
500 _aOriginal from book
650 _aDietary Fats
_97060
650 _aFatty acids in human nutrition
_97058
650 _aFatty Acids
_93971
650 _aFatty acids
_xHealth aspects
_97059
650 _aFood
_xFat content
_96941
650 _aNutrition Physiology
_96569
700 _aChow, Ching Kuang,
_eeditor
_97061
856 _zRequest full-text at [email protected]
942 _2lcc
942 _cCHAP
942 _kEBCH 000302
999 _c3974
_d3974